[Event "Ladder 2"]
[Site "Gatineau CAN"]
[Date "2022.03.15"]
[Round "2"]
[White "MacIsaac, Alexandre"]
[Black "Blais, Robert"]
[Result "1-0"]
[WhiteElo "1611"]
[BlackElo "1629"]
[PlyCount "48"]
[EventDate "2022.03.01"]
[EventType "swiss"]
[EventRounds "6"]
[EventCountry "CAN"]

1. e4 e5 2. Nf3 d6 3. Bc4 h6 4. Nc3 Nc6 5. d4 exd4 6. Nxd4 Ne5 7. Bb3 Nf6 8. f4
Nc6 9. O-O Bg4 10. Qd3 a6 11. Nxc6 bxc6 12. Qc4 Be6 13. Qxc6+ Bd7 14. Qc4 Be6
15. Ba4+ Bd7 16. Re1 Bxa4 17. Qxa4+ Qd7 18. e5 Qxa4 19. exf6+ Kd7 20. Nxa4 gxf6
21. f5 h5 22. Nc3 c6 23. Bf4 d5 24. Rad1 Rb8 1-0

[Event "Ladder 2"]
[Site "Gatineau CAN"]
[Date "2022.03.15"]
[Round "2"]
[White "Masse-Garneau, Anthony"]
[Black "Matkovsky, Taras"]
[Result "1-0"]
[WhiteElo "1532"]
[BlackElo "950"]
[PlyCount "55"]
[EventDate "2022.03.01"]
[EventType "swiss"]
[EventRounds "6"]
[EventCountry "CAN"]
[TimeControl "90/30:0"]

1. e4 c5 2. Nf3 d6 3. d4 cxd4 4. Nxd4 Nf6 5. Nc3 g6 6. Be2 Bg7 7. Be3 O-O 8.
O-O Nc6 9. a3 Bd7 10. f4 Nxd4 11. Bxd4 Bc6 12. Bf3 Nd7 13. Bxg7 Kxg7 14. Kh1
Qc7 15. Nd5 Bxd5 16. Qxd5 Nf6 17. Qd2 e5 18. c3 Rfd8 19. f5 Qc4 20. fxg6 hxg6
21. Rae1 d5 22. exd5 Nxd5 23. Bxd5 Rxd5 24. Qg5 Qc6 25. Qe7 Rf8 26. Rxe5 Rd2
27. Re2 Qb5 28. Qf6+ 1-0

[Event "Ladder 2"]
[Site "Gatineau CAN"]
[Date "2022.03.15"]
[Round "2"]
[White "Obayojie, Emmanuel"]
[Black "Lecorre, Joel"]
[Result "1-0"]
[WhiteElo "1350"]
[BlackElo "1528"]
[PlyCount "59"]
[EventDate "2022.03.01"]
[EventType "swiss"]
[EventRounds "6"]
[EventCountry "CAN"]

1. e4 e6 2. d4 d5 3. e5 c5 4. c3 Nc6 5. Nf3 Qb6 6. Be2 cxd4 7. cxd4 Bd7 8. O-O
Nge7 9. Nc3 Ng6 10. Qc2 Nxd4 11. Nxd4 Qxd4 12. Nb5 Bxb5 13. Bxb5+ Kd8 14. Bg5+
Be7 15. Bxe7+ Nxe7 16. Rfe1 Rc8 17. Qb3 Qb6 18. Qd3 a6 19. Ba4 Qc7 20. Qe3 b5
21. Bb3 Nf5 22. Qg5+ Qe7 23. Qd2 Rc6 24. Rac1 Qb7 25. Rxc6 Qxc6 26. Rc1 Qb7 27.
Qb4 Kd7 28. g4 a5 29. Qa3 b4 30. Qxa5 1-0

[Event "Ladder 2"]
[Site "Gatineau CAN"]
[Date "2022.03.15"]
[Round "2"]
[White "Rioux, Jocelyn"]
[Black "Fang, Zhou"]
[Result "0-1"]
[WhiteElo "1602"]
[BlackElo "1704"]
[PlyCount "46"]
[EventDate "2022.03.01"]
[EventType "swiss"]
[EventRounds "6"]
[EventCountry "CAN"]

1. d4 Nf6 2. Bf4 d5 3. e3 c5 4. c3 Nc6 5. Nd2 Bf5 6. Ngf3 e6 7. Nh4 Bg6 8. Nxg6
hxg6 9. Bd3 Nh5 10. Nf3 Nxf4 11. exf4 Bd6 12. Ne5 Bxe5 13. fxe5 cxd4 14. cxd4
Qb6 15. Qc2 Qxd4 16. O-O Qxe5 17. g3 Qh5 18. h4 g5 19. Kg2 gxh4 20. Rh1 h3+ 21.
Kh2 Qf3 22. Rhg1 Ne5 23. Qa4+ Kf8 0-1

[Event "Ladder 2"]
[Site "Gatineau CAN"]
[Date "2022.03.15"]
[Round "2"]
[White "Simard, Francois"]
[Black "Simchowitz, Yves"]
[Result "1-0"]
[WhiteElo "1443"]
[BlackElo "1108"]
[PlyCount "51"]
[EventDate "2022.03.01"]
[EventType "swiss"]
[EventRounds "6"]
[EventCountry "CAN"]

1. e4 e5 2. Nf3 Nc6 3. c3 Bc5 4. d4 exd4 5. cxd4 Bb4+ 6. Nc3 Qe7 7. Bd3 d5 8.
O-O Bxc3 9. bxc3 Qd6 10. e5 Qd8 11. Re1 Be6 12. Rb1 b6 13. Ba3 Qd7 14. Bb5
O-O-O 15. Qa4 Kb7 16. Rb3 Ra8 17. Ba6+ Kb8 18. Qb5 Nge7 19. Ng5 Re8 20. Nxh7
Na5 21. Qxa5 c6 22. Rxb6+ Kc7 23. Rb7+ Kc8 24. Rxa7+ Kb8 25. Qb6+ Qb7 26. Qxb7#
1-0

[Event "Ladder 2"]
[Site "Gatineau CAN"]
[Date "2022.03.15"]
[Round "2"]
[White "Thompson, Francis"]
[Black "Godbout, Elliott"]
[Result "1/2-1/2"]
[WhiteElo "1361"]
[BlackElo "1230"]
[PlyCount "153"]
[EventDate "2022.03.01"]
[EventType "swiss"]
[EventRounds "6"]
[EventCountry "CAN"]

1. e4 e5 2. Nf3 Nc6 3. c3 Nf6 4. d4 exd4 5. e5 Nd5 6. cxd4 Bb4+ 7. Bd2 Bxd2+ 8.
Nbxd2 d6 9. Bb5 O-O 10. O-O Bg4 11. Qb3 Nb6 12. Bxc6 bxc6 13. Rad1 dxe5 14.
dxe5 Qd5 15. Qb4 Bxf3 16. Nxf3 Qxa2 17. Qe4 Qxb2 18. Ng5 g6 19. e6 fxe6 20.
Qxe6+ Kg7 21. Qe7+ Kh6 22. h4 Qg7 23. Qxg7+ Kxg7 24. Ne6+ Kf7 25. Nxf8 Kxf8 26.
Rc1 Ke7 27. Rfd1 Rd8 28. Re1+ Kd7 29. Ra1 Ra8 30. Rad1+ Kc8 31. Re6 c5 32. Rc6
c4 33. Re1 Kd7 34. Rf6 a5 35. Rf7+ Kc6 36. Ree7 Nd5 37. Re6+ Kc5 38. Re5 Kd4
39. Re1 c3 40. Rd1+ Kc4 41. Rd7 c2 42. Rc1 Nb4 43. Rxc7+ Kb3 44. f3 Kb2 45. Re1
Rd8 46. Kh2 Rd1 47. Re2 Kb1 48. Rexc2 Nxc2 49. Ra7 Rd5 50. f4 Kb2 51. g4 Kb3
52. Kg3 a4 53. Rb7+ Nb4 54. Rxh7 a3 55. Ra7 a2 56. f5 gxf5 57. g5 Kb2 58. h5
a1=Q 59. Rxa1 Kxa1 60. h6 Rd4 61. h7 Rg4+ 62. Kh3 Rxg5 63. h8=Q+ Kb1 64. Qf6
Rh5+ 65. Kg2 Nd3 66. Qb6+ Kc2 67. Kf3 Rh3+ 68. Kg2 Nf4+ 69. Kg1 Rg3+ 70. Kf2
Rc3 71. Qb5 Nd3+ 72. Kf3 f4 73. Qa4+ Kd2 74. Qa5 Kc2 75. Qa2+ Kd1 76. Qb1+ Kd2
77. Qa2+ 1/2-1/2

[Event "Ladder 2"]
[Site "Gatineau CAN"]
[Date "2022.03.15"]
[Round "2"]
[White "Villeneuve, Denis"]
[Black "Brault, Jean-Francois"]
[Result "0-1"]
[WhiteElo "1458"]
[BlackElo "1492"]
[PlyCount "114"]
[EventDate "2022.03.01"]
[EventType "swiss"]
[EventRounds "6"]
[EventCountry "CAN"]
[TimeControl "90/30:0"]

1. e4 c5 2. Nf3 g6 3. c3 Bg7 4. d4 b6 5. d5 d6 6. Bb5+ Nd7 7. Bg5 a6 8. Bc6 Ra7
9. Nbd2 h6 10. Bh4 Bb7 11. Bxb7 Rxb7 12. Nc4 g5 13. Bg3 Ngf6 14. Bxd6 Nxe4 15.
Qe2 f5 16. Nfe5 Nxe5 17. Bxe5 O-O 18. Bxg7 Kxg7 19. O-O-O b5 20. Ne5 Qd6 21.
Nc6 Qf4+ 22. Kb1 Nxf2 23. Rhf1 Qe4+ 24. Qxe4 Nxe4 25. Na5 Rd7 26. Nb3 c4 27.
Nd4 Kg6 28. Ne6 Rf6 29. Kc2 Rf7 30. Rd4 Nf6 31. Rfd1 f4 32. h3 Kf5 33. Nc5 Rd6
34. Nb7 Rd7 35. Nc5 Ra7 36. d6 e5 37. R4d2 Nd7 38. Rd5 Rf6 39. Re1 Nxc5 40.
Rexe5+ Kg6 41. Rxc5 Rxd6 42. Red5 Rad7 43. Rxd6+ Rxd6 44. a3 Rf6 45. a4 Kh5 46.
axb5 axb5 47. Rxb5 Kh4 48. Rc5 Kg3 49. Rxc4 Kxg2 50. Kd2 Rf5 51. b4 f3 52. Rg4+
Kxh3 53. Rg1 g4 54. Ke3 g3 55. b5 f2 56. Rf1 Kg2 57. Ke2 Re5+ 0-1

[Event "Ladder 2"]
[Site "Gatineau CAN"]
[Date "2022.03.22"]
[Round "3"]
[White "Brault, Jean-Francois"]
[Black "Simard, Francois"]
[Result "1-0"]
[WhiteElo "1492"]
[BlackElo "1443"]
[PlyCount "73"]
[EventDate "2022.03.01"]
[EventType "swiss"]
[EventRounds "6"]
[EventCountry "CAN"]
[TimeControl "90/30:0"]

1. f4 d5 2. Nf3 Nc6 3. e3 Nf6 4. b3 g6 5. Bb2 Bg7 6. Bb5 O-O 7. O-O Bd7 8. d3
a6 9. Bxc6 Bxc6 10. h3 h6 11. Nbd2 Re8 12. Rc1 e6 13. Ne5 Bd7 14. Qe2 c5 15. c4
Rc8 16. Qf3 Qc7 17. b4 b6 18. Rfd1 Ba4 19. Re1 Nd7 20. d4 Nxe5 21. fxe5 Qb7 22.
e4 Red8 23. Ba3 cxb4 24. Bxb4 dxe4 25. Nxe4 Bc6 26. Bd6 Bxe4 27. Rxe4 Bf8 28.
Bxf8 Rxf8 29. Qe3 Kg7 30. Qd3 f5 31. exf6+ Rxf6 32. Rce1 Qf7 33. d5 Rd8 34. d6
Qd7 35. Rd1 Rdf8 36. Qd4 Qc6 37. Rxe6 1-0

[Event "Ladder 2"]
[Site "Gatineau CAN"]
[Date "2022.03.22"]
[Round "3"]
[White "Fang, Zhou"]
[Black "Blais, Robert"]
[Result "1-0"]
[WhiteElo "1704"]
[BlackElo "1629"]
[PlyCount "43"]
[EventDate "2022.03.01"]
[EventType "swiss"]
[EventRounds "6"]
[EventCountry "CAN"]

1. e4 e5 2. Nf3 d6 3. Bc4 h6 4. Nc3 Nf6 5. d4 exd4 6. Qxd4 Be7 7. O-O O-O 8. h3
Nc6 9. Qd3 Be6 10. Bxe6 fxe6 11. Nd4 Nxd4 12. Qxd4 e5 13. Qc4+ Kh8 14. f4 exf4
15. Bxf4 Nh5 16. Be3 Ng3 17. Rxf8+ Qxf8 18. Kh2 Bh4 19. e5 Qe7 20. exd6 Qxe3
21. dxc7 Rc8 22. Qxh4 1-0

[Event "Ladder 2"]
[Site "Gatineau CAN"]
[Date "2022.03.22"]
[Round "3"]
[White "Fiset, Anais Chloe"]
[Black "Guimond, Michel"]
[Result "0-1"]
[WhiteElo "1758"]
[BlackElo "1920"]
[PlyCount "76"]
[EventDate "2022.03.01"]
[EventType "swiss"]
[EventRounds "6"]
[EventCountry "CAN"]

1. e4 e6 2. d4 d5 3. Nc3 Bb4 4. e5 c5 5. a3 Bxc3+ 6. bxc3 Ne7 7. Nf3 Nbc6 8.
Be2 Qa5 9. Bd2 c4 10. O-O Bd7 11. Re1 h6 12. Rb1 O-O-O 13. Qc1 g5 14. h3 Ng6
15. Nh2 Nce7 16. Bh5 Rdf8 17. Ng4 Nh4 18. Nf6 Bc6 19. Kh2 Ng8 20. Ng4 f5 21.
exf6 Nxf6 22. Nxf6 Rxf6 23. Re2 Rhf8 24. Qe1 Qc7+ 25. Kg1 Bd7 26. Bg4 Nf5 27.
Re5 Ng7 28. Bf3 Ba4 29. Bxd5 exd5 30. Re7 Bd7 31. Rxg7 Rxf2 32. Qxf2 Rxf2 33.
Kxf2 Qd6 34. Rg8+ Kc7 35. Re1 Kb6 36. Rb1+ Ka6 37. Bc1 Qf6+ 38. Kg3 Qe6 0-1

[Event "Ladder 2"]
[Site "Gatineau CAN"]
[Date "2022.03.22"]
[Round "3"]
[White "Godbout, Elliott"]
[Black "Bernard, Pierre-Luc"]
[Result "1-0"]
[WhiteElo "1230"]
[BlackElo "1400"]
[PlyCount "31"]
[EventDate "2022.03.01"]
[EventType "swiss"]
[EventRounds "6"]
[EventCountry "CAN"]

1. e4 e5 2. Nf3 Nc6 3. Bc4 Bc5 4. d3 Nf6 5. c3 O-O 6. Bg5 d5 7. Bxd5 h6 8. Bxc6
bxc6 9. Bh4 Ba6 10. Nxe5 Qd6 11. d4 Bb6 12. Bxf6 gxf6 13. Qg4+ Kh8 14. Nf3 Rg8
15. Qh5 Rae8 16. Qxh6# 1-0

[Event "Ladder 2"]
[Site "Gatineau CAN"]
[Date "2022.03.22"]
[Round "3"]
[White "Labelle, Raymond"]
[Black "Obayojie, Emmanuel"]
[Result "0-1"]
[WhiteElo "1569"]
[BlackElo "1350"]
[PlyCount "62"]
[EventDate "2022.03.01"]
[EventType "swiss"]
[EventRounds "6"]
[EventCountry "CAN"]
[TimeControl "90/30:0"]

1. e4 e5 2. Nf3 Nc6 3. Nc3 d6 4. h3 Nf6 5. d4 exd4 6. Nxd4 Be7 7. Nxc6 bxc6 8.
Bd3 O-O 9. O-O Bb7 10. Be3 Qd7 11. Qd2 Rad8 12. Rad1 Rfe8 13. Ne2 c5 14. Ng3
Bf8 15. f3 d5 16. exd5 Nxd5 17. Qf2 Rxe3 18. c4 Rxd3 19. Rxd3 Bd6 20. cxd5 Qb5
21. Rfd1 c4 22. a4 Qxa4 23. R3d2 Bb4 24. Rc2 Bc5 25. Qxc5 Qxc2 26. Re1 Qd2 27.
Re2 Qxd5 28. Qxc7 Rf8 29. Re5 Qd4+ 30. Kh1 Qxb2 31. Qxc4 Qxe5 0-1

[Event "Ladder 2"]
[Site "Gatineau CAN"]
[Date "2022.03.22"]
[Round "3"]
[White "Latreille, Etienne"]
[Black "Bastien, Andre"]
[Result "1/2-1/2"]
[WhiteElo "1841"]
[BlackElo "1764"]
[PlyCount "91"]
[EventDate "2022.03.01"]
[EventType "swiss"]
[EventRounds "6"]
[EventCountry "CAN"]

1. e4 e5 2. Nf3 Nc6 3. Bc4 Nf6 4. d3 h6 5. O-O d6 6. a4 g5 7. Nc3 Bg7 8. Bd2
Bg4 9. h3 Bh5 10. Nd5 Nxd5 11. Bxd5 Qc8 12. g4 Bg6 13. Kg2 Ne7 14. Ba2 Qd7 15.
Qe2 O-O-O 16. Be3 Kb8 17. Rg1 d5 18. Bc5 d4 19. a5 f6 20. Qd2 Nc8 21. Bc4 h5
22. Kf1 hxg4 23. hxg4 Rh3 24. Ke2 Qc6 25. Ba3 Bxe4 26. Ne1 Bf3+ 27. Nxf3 Qxf3+
28. Kf1 Rh1 29. Qd1 Rxg1+ 30. Kxg1 Qh3 31. Qe2 c6 32. f3 Qg3+ 33. Qg2 Qh4 34.
a6 b5 35. Be6 Kc7 36. Bb4 Nb6 37. Ba5 Bf8 38. Bf5 b4 39. Be4 Bc5 40. f4 gxf4
41. Bxc6 Rg8 42. Bxb6+ Bxb6 43. Bd7 Kxd7 44. Qd5+ Ke7 45. Qxg8 Qg3+ 46. Kf1
1/2-1/2

[Event "Ladder 2"]
[Site "Gatineau CAN"]
[Date "2022.03.22"]
[Round "3"]
[White "Matkovsky, Taras"]
[Black "Masse-Garneau, Anthony"]
[Result "0-1"]
[WhiteElo "950"]
[BlackElo "1532"]
[PlyCount "38"]
[EventDate "2022.03.01"]
[EventType "swiss"]
[EventRounds "6"]
[EventCountry "CAN"]

1. e4 e5 2. Nf3 d6 3. d4 exd4 4. Nxd4 Nf6 5. Nc3 Be7 6. Be2 O-O 7. O-O Nc6 8.
Be3 Nxd4 9. Bxd4 Ne8 10. Nd5 Be6 11. Nxe7+ Qxe7 12. Bc3 Rd8 13. Qd4 c5 14. Qa4
b6 15. b4 Qb7 16. bxc5 dxc5 17. f4 Bd7 18. Qc4 Nc7 19. a4 Be6 0-1

[Event "Ladder 2"]
[Site "Gatineau CAN"]
[Date "2022.03.22"]
[Round "3"]
[White "Rioux, Jocelyn"]
[Black "Fiset, Anais Chloe"]
[Result "1-0"]
[WhiteElo "1602"]
[BlackElo "1758"]
[PlyCount "65"]
[EventDate "2022.03.01"]
[EventType "swiss"]
[EventRounds "6"]
[EventCountry "CAN"]

1. d4 Nf6 2. Bf4 d5 3. e3 Bf5 4. Bd3 Bxd3 5. Qxd3 Nc6 6. c3 e6 7. Nf3 Bd6 8.
Bg3 Ne4 9. Nbd2 Nxg3 10. hxg3 h6 11. O-O-O Qd7 12. e4 dxe4 13. Nxe4 O-O-O 14.
Nxd6+ Qxd6 15. Rhe1 f6 16. Qe4 Rhe8 17. Nd2 f5 18. Qe2 Qd5 19. Qc4 Qxg2 20.
Rxe6 Na5 21. Qe2 Kd7 22. Rxe8 Rxe8 23. Qb5+ c6 24. Qxf5+ Re6 25. Qxa5 Qxf2 26.
Qxa7 Qxg3 27. Qxb7+ Ke8 28. Rf1 Re1+ 29. Rxe1+ Qxe1+ 30. Kc2 Qe6 31. Qxg7 Qf5+
32. Kc1 h5 33. Qe5+ 1-0

[Event "Ladder 2"]
[Site "Gatineau CAN"]
[Date "2022.03.22"]
[Round "3"]
[White "Thompson, Francis"]
[Black "Villeneuve, Denis"]
[Result "1-0"]
[WhiteElo "1361"]
[BlackElo "1458"]
[PlyCount "77"]
[EventDate "2022.03.01"]
[EventType "swiss"]
[EventRounds "6"]
[EventCountry "CAN"]

1. e4 d6 2. d4 Nd7 3. Nf3 e5 4. dxe5 dxe5 5. Bc4 c6 6. O-O Be7 7. Qe2 Ngf6 8.
Rd1 Qc7 9. a3 O-O 10. Bg5 b5 11. Ba2 Nc5 12. Nc3 Be6 13. Bxe6 Nxe6 14. Bh4 Nf4
15. Qf1 a5 16. Bxf6 Bxf6 17. g3 Nh3+ 18. Qxh3 Rab8 19. a4 b4 20. Ne2 c5 21. Qd7
Rb7 22. Qxc7 Rxc7 23. Rd5 g6 24. Nxe5 Bg7 25. Nc4 Re8 26. f3 f5 27. e5 Rce7 28.
f4 Ra8 29. Rad1 Re6 30. Rxc5 Bf8 31. Rcd5 Rc8 32. b3 g5 33. Nd4 Bc5 34. Kg2
Bxd4 35. R1xd4 Kg7 36. Rd7+ Kg6 37. R7d6 Rce8 38. Rxe6+ Rxe6 39. Rd6 1-0

[Event "Ladder 2"]
[Site "Gatineau CAN"]
[Date "2022.03.29"]
[Round "4"]
[White "Bastien, Andre"]
[Black "Desjardins, Michel"]
[Result "0-1"]
[WhiteElo "1764"]
[BlackElo "1826"]
[PlyCount "114"]
[EventDate "2022.03.01"]
[EventType "swiss"]
[EventRounds "6"]
[EventCountry "CAN"]

1. d4 d5 2. Nf3 Nf6 3. e3 Bf5 4. c3 e6 5. Bd3 Bxd3 6. Qxd3 Bd6 7. Qb5+ Nbd7 8.
Qxb7 O-O 9. Qb3 c5 10. O-O Rb8 11. Qc2 Qb6 12. Nbd2 Rfc8 13. Re1 a5 14. Qd3 e5
15. dxe5 Bxe5 16. e4 c4 17. Qe2 Nxe4 18. Nxe4 dxe4 19. Qxe4 Bf6 20. Qf5 Qb5 21.
Qg4 Nc5 22. Bf4 Ra8 23. Be5 Bxe5 24. Rxe5 Qxb2 25. Rae1 Ne6 26. Nd4 Nf8 27. Qf3
Re8 28. g3 Rxe5 29. Rxe5 Rb8 30. Rxa5 Qc1+ 31. Kg2 Rb1 32. g4 Qg1+ 33. Kh3 Qf1+
34. Kh4 Rb2 35. Rf5 Ng6+ 36. Kg3 Qg1+ 37. Qg2 Qxg2+ 38. Kxg2 Nh4+ 39. Kg3 Nxf5+
40. Nxf5 Rxa2 41. Ne7+ Kf8 42. Nd5 Rd2 43. Nb4 Rb2 44. Kf3 Ke7 45. Ke3 Kd6 46.
Na6 Kc6 47. Nb4+ Kc5 48. Na6+ Kb5 49. Nc7+ Kc6 50. Na6 Rb6 51. Nb4+ Rxb4 52.
cxb4 Kb5 53. Kd2 Kxb4 54. Kc2 c3 55. h4 h6 56. f3 Kc4 57. f4 f6 0-1

[Event "Ladder 2"]
[Site "Gatineau CAN"]
[Date "2022.03.29"]
[Round "4"]
[White "Blais, Robert"]
[Black "Rioux, Jocelyn"]
[Result "1/2-1/2"]
[WhiteElo "1629"]
[BlackElo "1602"]
[PlyCount "61"]
[EventDate "2022.03.01"]
[EventType "swiss"]
[EventRounds "6"]
[EventCountry "CAN"]
[TimeControl "90/30:0"]

1. d4 d5 2. c4 c6 3. Nc3 Nf6 4. Bg5 h6 5. Bxf6 exf6 6. cxd5 cxd5 7. e3 Nc6 8.
Nf3 Bb4 9. Rc1 O-O 10. Be2 Qa5 11. a3 Bxc3+ 12. Rxc3 Be6 13. O-O Rac8 14. b4
Qd8 15. Qb1 Ne7 16. Rfc1 Qd7 17. Bd3 Rxc3 18. Rxc3 Rc8 19. Qc2 a6 20. Nd2 g6
21. f4 Kg7 22. Nb3 Rxc3 23. Qxc3 Nc8 24. Nc5 Qc6 25. Nxe6+ Qxe6 26. Qc7 b5 27.
Kf2 Nd6 28. Qc2 Nc4 29. Qc1 Qb6 30. Qc3 Qe6 31. Qc1 1/2-1/2

[Event "Ladder 2"]
[Site "Gatineau CAN"]
[Date "2022.03.29"]
[Round "4"]
[White "Brault, Jean-Francois"]
[Black "Labelle, Raymond"]
[Result "0-1"]
[WhiteElo "1492"]
[BlackElo "1569"]
[PlyCount "90"]
[EventDate "2022.03.01"]
[EventType "swiss"]
[EventRounds "6"]
[EventCountry "CAN"]
[TimeControl "90/30:0"]

1. f4 Nf6 2. Nf3 d5 3. e3 e6 4. b3 Nc6 5. Bb5 Bd7 6. Bb2 a6 7. Bxc6 Bxc6 8. O-O
Bd6 9. Ne5 Bb5 10. d3 a5 11. Nd2 O-O 12. c4 dxc4 13. bxc4 Ba6 14. Ng4 Nd7 15.
Nh6+ Kh8 16. Qg4 f6 17. Qxe6 gxh6 18. Rf3 Qe7 19. Qh3 Rg8 20. Qxh6 Qg7 21. Qh3
Qg4 22. Ne4 Be7 23. Raf1 Raf8 24. Ng5 Qxh3 25. Rxh3 Rg7 26. Ne6 Rfg8 27. Nxg7
Rxg7 28. Rc1 b6 29. d4 Bb7 30. Rc2 Be4 31. Rf2 Bb4 32. g3 Kg8 33. Rh6 Bf8 34.
Rh5 Bg6 35. Rh4 Be7 36. f5 Bf7 37. d5 Nc5 38. Rd2 Rg5 39. e4 Nd7 40. Kg2 Ne5
41. Bc1 Rg7 42. Rc2 Be8 43. Bd2 Ba4 44. Rc3 Bb4 45. Ra3 Bxa3 0-1

[Event "Ladder 2"]
[Site "Gatineau CAN"]
[Date "2022.03.29"]
[Round "4"]
[White "Fang, Zhou"]
[Black "Dupont-Mageau, Nicolas"]
[Result "1/2-1/2"]
[WhiteElo "1704"]
[BlackElo "1755"]
[PlyCount "57"]
[EventDate "2022.03.01"]
[EventType "swiss"]
[EventRounds "6"]
[EventCountry "CAN"]
[TimeControl "90/30:0"]

1. e4 e6 2. d4 b6 3. c4 Bb7 4. Nc3 Bb4 5. Bd3 Ne7 6. Qg4 Ng6 7. h4 h5 8. Qg3
Nc6 9. Nge2 e5 10. d5 Nd4 11. Bd2 Nxe2 12. Kxe2 d6 13. Bg5 Qd7 14. Nd1 Qg4+ 15.
Qxg4 hxg4 16. Ne3 Bc8 17. f3 gxf3+ 18. gxf3 f6 19. h5 Ne7 20. Bh4 Rxh5 21. Ng4
Bxg4 22. fxg4 Rh6 23. Raf1 Kd7 24. a3 Rah8 25. axb4 Rxh4 26. Rxh4 Rxh4 27. g5
Ng8 28. Bc2 Ke7 29. Ra1 1/2-1/2

[Event "Ladder 2"]
[Site "Gatineau CAN"]
[Date "2022.03.29"]
[Round "4"]
[White "Godbout, Elliott"]
[Black "Thompson, Francis"]
[Result "0-1"]
[WhiteElo "1230"]
[BlackElo "1361"]
[PlyCount "122"]
[EventDate "2022.03.01"]
[EventType "swiss"]
[EventRounds "6"]
[EventCountry "CAN"]
[TimeControl "90/30:0"]

1. e4 c5 2. Nf3 d6 3. d4 cxd4 4. Nxd4 Nf6 5. Nc3 Nc6 6. Be3 Ng4 7. Qd2 Nxe3 8.
Qxe3 Qb6 9. Bb5 Bd7 10. O-O-O e6 11. Rhe1 Be7 12. Nxc6 Qxe3+ 13. Rxe3 bxc6 14.
Ba4 e5 15. Kb1 O-O-O 16. g3 Kc7 17. a3 a5 18. f4 Bg4 19. Rdd3 f6 20. fxe5 fxe5
21. Re1 Rhf8 22. Nd1 Rb8 23. Ne3 Be6 24. Rc3 Rb6 25. Nd5+ Bxd5 26. exd5 c5 27.
Bc6 Bg5 28. Rd3 Rfb8 29. b3 a4 30. Bxa4 Ra8 31. Ka2 Rf8 32. Rdd1 Rf2 33. h4 Bf6
34. Kb1 Rf3 35. Rg1 c4 36. Rdf1 Re3 37. g4 cxb3 38. Bxb3 e4 39. Re1 Rbxb3+ 40.
cxb3 Rxb3+ 41. Kc1 Rxa3 42. g5 Be5 43. Ref1 Kb6 44. Kd2 Kc5 45. Rc1+ Kxd5 46.
Ke2 Ra2+ 47. Ke1 Rh2 48. Rg4 Rxh4 49. Rxh4 Bg3+ 50. Ke2 Bxh4 51. Rg1 h6 52.
gxh6 gxh6 53. Rg4 Bg5 54. Rg1 Ke5 55. Rd1 d5 56. Kf2 d4 57. Kg3 d3 58. Kf2 Kd4
59. Ra1 e3+ 60. Ke1 e2 61. Ra5 Bh4+ 0-1

[Event "Ladder 2"]
[Site "Gatineau CAN"]
[Date "2022.03.29"]
[Round "4"]
[White "Guimond, Michel"]
[Black "Latreille, Etienne"]
[Result "0-1"]
[WhiteElo "1920"]
[BlackElo "1841"]
[PlyCount "86"]
[EventDate "2022.03.01"]
[EventType "swiss"]
[EventRounds "6"]
[EventCountry "CAN"]

1. e4 c5 2. Nf3 Nc6 3. d4 cxd4 4. Nxd4 g6 5. Be3 Bg7 6. Bc4 Nf6 7. Nxc6 bxc6 8.
Nc3 d6 9. f3 O-O 10. Qd2 a5 11. Bh6 Bxh6 12. Qxh6 a4 13. Qe3 Qa5 14. O-O d5 15.
exd5 Nxd5 16. Bxd5 cxd5 17. Qxe7 Be6 18. Kh1 Rfc8 19. Ne2 Rxc2 20. Nd4 Rxb2 21.
Nxe6 Re2 22. Rad1 Rxe6 23. Qg5 Rae8 24. Qxd5 Qxd5 25. Rxd5 Re2 26. a3 R8e3 27.
Rdd1 Rxa3 28. Ra1 Rxa1 29. Rxa1 a3 30. h4 a2 31. Kh2 h5 32. Kh3 Rf2 33. Rc1 Kg7
34. Rd1 Rb2 35. Ra1 Kf6 36. g4 Ke5 37. Kg3 f5 38. Re1+ Kd4 39. Ra1 fxg4 40.
fxg4 Kc3 41. Kf4 Rb4+ 42. Ke3 Kb2 43. gxh5 gxh5 0-1

[Event "Ladder 2"]
[Site "Gatineau CAN"]
[Date "2022.03.29"]
[Round "4"]
[White "Lecorre, Joel"]
[Black "Obayojie, Emmanuel"]
[Result "0-1"]
[WhiteElo "1528"]
[BlackElo "1350"]
[PlyCount "62"]
[EventDate "2022.03.01"]
[EventType "swiss"]
[EventRounds "6"]
[EventCountry "CAN"]
[TimeControl "90/30:0"]

1. e4 e5 2. Bc4 Nf6 3. d3 Bc5 4. Nf3 Nc6 5. c3 d5 6. exd5 Nxd5 7. O-O Bg4 8. h3
Bh5 9. Nbd2 O-O 10. Ne4 Bb6 11. Ng3 Bg6 12. Re1 Nf4 13. Nxe5 Nxe5 14. Rxe5 Qf6
15. Bxf4 Qxf4 16. Qe2 Qxg3 17. d4 Qf4 18. g3 Qf6 19. h4 h6 20. h5 Bh7 21. Re1
Rad8 22. Kg2 Kh8 23. Qd2 c5 24. Qe2 cxd4 25. cxd4 Rxd4 26. b3 Bg8 27. Re7 Ba5
28. Rf1 Rd2 29. Qe3 Rfd8 30. Rxb7 Bb6 31. Qe1 Qc6+ 0-1

[Event "Ladder 2"]
[Site "Gatineau CAN"]
[Date "2022.03.29"]
[Round "4"]
[White "Masse-Garneau, Anthony"]
[Black "Matkovsky, Taras"]
[Result "1-0"]
[WhiteElo "1532"]
[BlackElo "950"]
[PlyCount "109"]
[EventDate "2022.03.01"]
[EventType "swiss"]
[EventRounds "6"]
[EventCountry "CAN"]

1. d4 Nf6 2. c4 g6 3. Nc3 Bg7 4. e4 d6 5. f3 O-O 6. Be3 c5 7. dxc5 dxc5 8. Qxd8
Rxd8 9. Bxc5 Kf8 10. Rd1 Rxd1+ 11. Nxd1 b6 12. Be3 Be6 13. Bd3 Nfd7 14. b3 Na6
15. Bb1 Ndc5 16. Ne2 Rd8 17. Nf2 Nb4 18. O-O Ke8 19. Nf4 Bc8 20. Nd5 Nxd5 21.
exd5 Ba6 22. Rd1 Nb7 23. Ne4 h6 24. Bd4 Bxd4+ 25. Rxd4 e5 26. Rd1 f5 27. Nc3
Nd6 28. Re1 Nf7 29. g4 Bc8 30. Nb5 a6 31. Nd4 Kf8 32. Nc6 Re8 33. Kf2 Kg7 34.
h4 fxg4 35. f4 Kf6 36. fxe5+ Nxe5 37. Nxe5 Rxe5 38. Rxe5 Kxe5 39. Bxg6 Kf4 40.
Be8 Ke5 41. Kg3 b5 42. cxb5 axb5 43. Bxb5 Kxd5 44. Be2 h5 45. Bc4+ Ke5 46. Bf7
Bf5 47. Bxh5 Bb1 48. a3 Bc2 49. Bf7 Kf6 50. Bc4 Kf5 51. a4 Be4 52. a5 Bf3 53.
b4 Ke5 54. b5 Kd4 55. Be6 1-0

[Event "Ladder 2"]
[Site "Gatineau CAN"]
[Date "2022.03.29"]
[Round "4"]
[White "Seguin, Hubert"]
[Black "Fiset, Anais Chloe"]
[Result "0-1"]
[WhiteElo "1541"]
[BlackElo "1758"]
[PlyCount "92"]
[EventDate "2022.03.01"]
[EventType "swiss"]
[EventRounds "6"]
[EventCountry "CAN"]
[TimeControl "90/30:0"]

1. e4 c5 2. Nc3 Nc6 3. Bb5 e6 4. Bxc6 bxc6 5. d3 d5 6. exd5 cxd5 7. Nf3 Bd6 8.
Qe2 Nf6 9. O-O Rb8 10. d4 cxd4 11. Nxd4 Qb6 12. Rd1 Ba6 13. Qe1 O-O 14. Rb1 e5
15. Nxd5 Nxd5 16. Nf5 Bb4 17. Qxe5 Qf6 18. Qxd5 Rbd8 19. Qf3 Qxf5 20. Rxd8 Rxd8
21. Be3 Qxf3 22. gxf3 Rd7 23. c3 Be7 24. Re1 f6 25. Bd4 Kf7 26. Kg2 Bd8 27. b3
Bb6 28. Rd1 Bxd4 29. cxd4 Ke6 30. Kg3 Kd6 31. Kf4 Re7 32. Rd2 Re2 33. Rxe2 Bxe2
34. Ke3 Bd1 35. f4 a5 36. Kd3 Kd5 37. Kc3 Be2 38. Kd2 Bf3 39. Kd3 Be4+ 40. Kc3
Bf5 41. f3 Bd7 42. Kd3 f5 43. a4 Bc8 44. h3 Ba6+ 45. Ke3 h6 46. h4 g6 0-1

[Event "Ladder 2"]
[Site "Gatineau CAN"]
[Date "2022.03.29"]
[Round "4"]
[White "Simchowitz, Yves"]
[Black "Simard, Francois"]
[Result "0-1"]
[WhiteElo "1108"]
[BlackElo "1443"]
[PlyCount "58"]
[EventDate "2022.03.01"]
[EventType "swiss"]
[EventRounds "6"]
[EventCountry "CAN"]
[TimeControl "90/30:0"]

1. e4 c5 2. d4 cxd4 3. Nf3 Nc6 4. Nxd4 d6 5. Bb5 Bd7 6. Bxc6 Bxc6 7. Nxc6 bxc6
8. O-O Nf6 9. Qf3 Qd7 10. Rd1 e5 11. Bg5 Be7 12. Nc3 O-O 13. h3 Rab8 14. b3 h6
15. Be3 Nh7 16. Rd3 f5 17. Bxh6 gxh6 18. Qg3+ Kh8 19. Qg6 Bg5 20. exf5 Rf6 21.
Qh5 Qxf5 22. Rf1 d5 23. g4 Qg6 24. Qxg6 Rxg6 25. Ne2 Rf8 26. Rc3 Bh4 27. f4
exf4 28. Nxf4 Rgf6 29. Ng6+ Rxg6 0-1